000 01288nam a22003137a 4500
005 20240530110449.0
008 150502s2012 ua a g b 000 0 ara d
017 _a2011/20546
_bمصر . دار الكتب المصرية
020 _a9789774950988
040 _aEG-CaGPL
082 0 4 _221
_a953\
_bس ق
100 0 _aسعيد مغاورى محمد
245 1 0 _aقبس من التراث و الحضارة الاسلامية :
_bو حديث عن الوثائق العربية فى حضارة الاسلام /
_cسعيد مغاورى محمد .
250 _aط1.
260 _aالقاهرة :
_bدار العالم العربى ،
_c2012.
300 _a269 ص :
_bايض ؛
_c24 سم .
490 0 _aصفحات جديدة من التاريخ الاسلامى .
504 _aيشتمل على ارجاعات ببليوجرافية
650 0 4 _aالحضارة الاسلامية
650 0 4 _aالمدارس
_xعمارة
650 0 4 _aالمسجد النبوى
650 0 4 _aالمساجد
_xتاريخ
650 0 4 _aالمساجد
_xعمارة
650 0 4 _aالفن الاسلامى
650 0 4 _aالعمارة الاسلامية
650 0 4 _aالحضارة الاسلامية
_xوثائق
942 _2ddc
_cBK
999 _c61204
_d61204